Galdós político y republicano : (Record no. 192153)
[ view plain ]
| 000 -LEADER | |
|---|---|
| campo de control de longitud fija | 01615cam a2200361 i 4500 |
| 001 - NÚMERO DE CONTROL | |
| campo de control | 192153 |
| 003 - IDENTIFICADOR DE NÚMERO DE CONTROL | |
| campo de control | ES-MaACL |
| 005 - FECHA Y HORA DE LA ÚLTIMA TRANSACCIÓN | |
| campo de control | 20250804062636.0 |
| 008 - DATOS DE LONGITUD FIJA--INFORMACIÓN GENERAL | |
| campo de control de longitud fija | 221107s2022 sp 001 0 spa d |
| 017 ## - NÚMERO DE COPYRIGHT O DE DEPÓSITO LEGAL | |
| Número de copyright o de depósito legal | M 6614-2022 |
| 020 ## - NÚMERO INTERNACIONAL ESTÁNDAR DEL LIBRO | |
| Número Internacional Estándar del Libro | 9788416250172 |
| 040 ## - FUENTE DE CATALOGACIÓN | |
| Centro/agencia transcriptor | ES-MaACL |
| 080 ## - NÚMERO DE LA CLASIFICACIÓN DECIMAL UNIVERSAL | |
| Número de la Clasificación Decimal Universal | 821.134.2Pérez Galdós, Benito:32 |
| 100 1# - ENTRADA PRINCIPAL--NOMBRE DE PERSONA | |
| Nombre de persona | Pérez Galdós, Benito, |
| Fechas asociadas al nombre | 1843-1920 |
| Término indicativo de función/relación | Autor |
| 9 (RLIN) | 90871 |
| 245 10 - MENCIÓN DEL TÍTULO | |
| Título | Galdós político y republicano : |
| Resto del título | artículos recogidos / |
| Mención de responsabilidad, etc. | Rosa Amor del Olmo, Cristina Barreiro Gordillo, Rosi Burakoff ... [et al.] |
| 250 ## - MENCION DE EDICION | |
| Mención de edición | Primera edición, 2022 |
| 260 ## - PUBLICACIÓN, DISTRIBUCIÓN, ETC. | |
| Lugar de publicación, distribución, etc. | Madrid : |
| Nombre del editor, distribuidor, etc. | Isidora Ediciones, |
| Fecha de publicación, distribución, etc. | 2022. |
| 300 ## - DESCRIPCIÓN FÍSICA | |
| Extensión | 601 páginas ; |
| Dimensiones | 21 cm |
| 500 ## - NOTA GENERAL | |
| Nota general | Índice |
| 504 ## - NOTA DE BIBLIOGRAFÍA, ETC. | |
| Nota de bibliografía, etc. | Referencias bibliográficas |
| 505 8# - NOTA DE CONTENIDO CON FORMATO | |
| Nota de contenido con formato | Contiene: Entrevistas recogidas por Luis Antón del Olmet y Arturo García Carraffa en el libro "Los grandes españoles: Galdós", p. 1-17 |
| 600 14 - PUNTO DE ACCESO ADICIONAL DE MATERIA--NOMBRE DE PERSONA | |
| Nombre de persona | Pérez Galdós, Benito, |
| Fechas asociadas al nombre | 1843-1920- |
| Subdivisión general | Pensamiento político |
| 9 (RLIN) | 139461 |
| 600 14 - PUNTO DE ACCESO ADICIONAL DE MATERIA--NOMBRE DE PERSONA | |
| Nombre de persona | Pérez Galdós, Benito, |
| Fechas asociadas al nombre | 1843-1920- |
| Subdivisión general | Crítica e interpretación |
| 9 (RLIN) | 90875 |
| 700 1# - ENTRADA AGREGADA--NOMBRE PERSONAL | |
| 9 (RLIN) | 137798 |
| Nombre de persona | Amor del Olmo, Rosa, |
| Fechas asociadas al nombre | 1963- |
| Término indicativo de función/relación | Autor |
| 700 1# - ENTRADA AGREGADA--NOMBRE PERSONAL | |
| Nombre de persona | Barreiro Gordillo, Cristina, |
| Fechas asociadas al nombre | 1973- |
| Término indicativo de función/relación | Autor |
| 9 (RLIN) | 154598 |
| 700 1# - ENTRADA AGREGADA--NOMBRE PERSONAL | |
| Nombre de persona | Burakoff, Rosa |
| Término indicativo de función/relación | Autor |
| 9 (RLIN) | 234933 |
| 740 02 - ENTRADA AGREGADA--TÍTULO RELACIONADO/ANALÍTICO NO CONTROLADO | |
| Título relacionado o analítico no controlado | Entrevistas recogidas por Luis Antón del Olmet y Arturo García Carraffa en el libro "Los grandes españoles: Galdós" |
| 852 4# - LOCALIZACIÓN | |
| Ubicación | ES-MaACL |
| Número de control de estantería | N-8064 |
| itemnumber | 199435 |
| Sublocalización o colección | R.153314 |
| Ubicación en estantería | Depósito J |
| Donativo/Legado | Donación: Rosa Amor del Olmo |
| 903 ## - NOMBRE PERSONAL DE DONANTE | |
| a | Amor del Olmo, Rosa, |
| d | 1963- |
| e | Donante |
| 9 | 137798 |
| 942 ## - ELEMENTOS DE ENTRADA SECUNDARIOS (KOHA) | |
| Tipo de ítem Koha | Libro impreso |
| Suprimir en OPAC | No |
| Estatus retirado | Estado de pérdida | Fuente del sistema de clasificación o colocación | Estado de daño | No para préstamo | Biblioteca de origen | Biblioteca actual | Ubicación en estantería | Fecha de adquisición | Fuente de adquisición | Número de control de estantería | Total de préstamos | Signatura topográfica completa | Código de barras | Visto por última vez | Tipo de ítem Koha |
|---|---|---|---|---|---|---|---|---|---|---|---|---|---|---|---|
| Clasificación decimal universal | Biblioteca del Ateneo de Madrid | Biblioteca del Ateneo de Madrid | Depósito J | 07/11/2022 | Donación | Ateneísta | N-8064 | 101206507 | 23/02/2023 | Libro impreso |
